[Event "Mare di Fano op 1st"]
[Site "Fano"]
[Date "2012.08.02"]
[Round "5"]
[White "Mandolini, Riccardo"]
[Black "Pulito, Alberto"]
[Result "0-1"]
[WhiteElo "2091"]
[BlackElo "2252"]
[PlyCount "42"]
[EventDate "2012.07.30"]
[EventType "swiss"]
[EventRounds "9"]
[EventCountry "ITA"]
[SourceTitle "EXT 2015"]
[Source "ChessBase"]
[SourceDate "2014.11.20"]
[SourceVersion "1"]
[SourceVersionDate "2014.11.20"]
[SourceQuality "1"]

1. Nc3 Nf6 2. e4 d6 3. d4 Nbd7 4. Nf3 e5 5. a4 Be7 6. h3 0-0 7. g4 c6 8. Be3 b6 9. g5 Ne8 10. d5 Bb7 11. Bc4 Nc7 12. Qd2 a6 13. dxc6 Bxc6 14. Rd1 Nc5 15. Bxc5 bxc5 16. Nd5 Ne6 17. b3 Bxg5 18. Nxg5 Nxg5 19. Qd3 Kh8 20. h4 Ne6 21. Bxa6 Qa5+ 0-1

[Event "Porto San Giorgio op 23rd"]
[Site "Porto San Giorgio"]
[Date "2011.08.28"]
[Round "9"]
[White "Movileanu, Daniela"]
[Black "Mandolini, Riccardo"]
[Result "1/2-1/2"]
[WhiteElo "1931"]
[BlackElo "2119"]
[PlyCount "35"]
[EventDate "2011.08.21"]
[EventType "swiss"]
[EventRounds "9"]
[EventCountry "ITA"]
[SourceTitle "CBM 144 Extra"]
[Source "ChessBase"]
[SourceDate "2011.10.28"]
[SourceVersion "1"]
[SourceVersionDate "2011.10.28"]
[SourceQuality "1"]

1. e4 Nc6 2. Nf3 e5 3. Bb5 Nf6 4. 0-0 Nxe4 5. d4 Be7 6. Qe2 d5 7. Nxe5 Bd7 8. Nxd7 Qxd7 9. Re1 Nd6 10. Bxc6 bxc6 11. Bd2 f6 12. Bb4 Kf7 13. Nc3 a5 14. Ba3 Rhe8 15. Na4 Bf8 16. Qh5+ Kg8 17. Nc5 Qf7 18. Qxf7+ 1/2-1/2

[Event "Senigallia Perini Memorial 3rd"]
[Site "Senigallia"]
[Date "2009.08.03"]
[Round "3"]
[White "Gromovs, Sergejs"]
[Black "Mandolini, Riccardo"]
[Result "0-1"]
[WhiteElo "2339"]
[BlackElo "1977"]
[PlyCount "110"]
[EventDate "2009.08.01"]
[EventType "swiss"]
[EventRounds "9"]
[EventCountry "ITA"]
[SourceTitle "EXT 2010"]
[Source "ChessBase"]
[SourceDate "2010.11.25"]
[SourceVersion "1"]
[SourceVersionDate "2010.11.25"]
[SourceQuality "1"]

1. d4 d5 2. c4 c6 3. Nc3 Nf6 4. Nf3 e6 5. Bg5 Be7 6. e3 Nbd7 7. Qc2 dxc4 8. Bxc4 b5 9. Be2 Bb7 10. 0-0 0-0 11. e4 a6 12. Rfd1 Re8 13. e5 Nd5 14. Ne4 f6 15. exf6 gxf6 16. Bh6 Qb6 17. Nc5 Nxc5 18. dxc5 Qxc5 19. Qe4 Bf8 20. Rac1 Qd6 21. Bxf8 Rxf8 22. Nd4 Rae8 23. Bh5 Re7 24. Re1 f5 25. Qc2 Nb4 26. Qd1 Nd5 27. Nb3 e5 28. Nc5 e4 29. Qd4 Qf6 30. Qxf6 Rxf6 31. Bd1 Kf8 32. Bb3 Rd6 33. Rcd1 Bc8 34. Rd2 Re8 35. h3 Red8 36. g4 Nf6 37. Rxd6 Rxd6 38. gxf5 Bxf5 39. Re3 Rd2 40. f3 Nd5 41. Nxe4 Rxb2 42. Rd3 Rg2+ 43. Kh1 Nf4 44. Rd6 Rg6 45. Rd8+ Ke7 46. Ra8 Bxe4 47. fxe4 Nxh3 48. Rxa6 Ng5 49. Bd1 Nxe4 50. Bf3 Nf2+ 51. Kh2 c5 52. Ra7+ Kd6 53. Rxh7 Ng4+ 54. Kh3 Rh6+ 55. Kg3 Ke5 0-1

[Event "Bratto op-B 28th"]
[Site "Bratto"]
[Date "2008.08.27"]
[Round "5"]
[White "Favoni, Matteo"]
[Black "Mandolini, Riccardo"]
[Result "1/2-1/2"]
[WhiteElo "1941"]
[BlackElo "1946"]
[PlyCount "40"]
[EventDate "2008.08.23"]
[EventType "swiss"]
[EventRounds "9"]
[EventCountry "ITA"]
[SourceTitle "EXT 2011"]
[Source "ChessBase"]
[SourceDate "2010.11.26"]
[SourceVersion "1"]
[SourceVersionDate "2010.11.26"]
[SourceQuality "1"]

1. d4 d5 2. c4 e6 3. Nc3 Nf6 4. Nf3 Be7 5. Bg5 0-0 6. e3 b6 7. Rc1 dxc4 8. Bxc4 Bb7 9. 0-0 Nbd7 10. Qe2 Nd5 11. Bxe7 Qxe7 12. Nxd5 exd5 13. Bb5 Rac8 14. Ba6 Bxa6 15. Qxa6 c5 16. Qxa7 Ra8 17. Qb7 Qd6 18. Ne5 Nxe5 19. dxe5 Qe6 20. a3 Rfb8 1/2-1/2

[Event "Bratto op-B 28th"]
[Site "Bratto"]
[Date "2008.08.24"]
[Round "2"]
[White "Mandolini, Riccardo"]
[Black "Nardone, Massimo"]
[Result "1-0"]
[WhiteElo "1946"]
[BlackElo "1884"]
[PlyCount "63"]
[EventDate "2008.08.23"]
[EventType "swiss"]
[EventRounds "9"]
[EventCountry "ITA"]
[SourceTitle "EXT 2011"]
[Source "ChessBase"]
[SourceDate "2010.11.26"]
[SourceVersion "1"]
[SourceVersionDate "2010.11.26"]
[SourceQuality "1"]

1. Nc3 d5 2. e4 d4 3. Nce2 c5 4. Ng3 Nc6 5. Nf3 Nf6 6. Bc4 e6 7. a3 Bd6 8. d3 h6 9. 0-0 0-0 10. Qe2 Bxg3 11. fxg3 e5 12. Nh4 g5 13. Nf5 Bxf5 14. Rxf5 Nh7 15. Qh5 Qd6 16. Rxf7 Rxf7 17. Bxf7+ Kg7 18. Bd2 Ne7 19. Bb3 Rf8 20. Rf1 Rxf1+ 21. Kxf1 Qf6+ 22. Kg1 Nf8 23. Qe8 Nfg6 24. Qb8 Qb6 25. Bc1 a6 26. Bd5 Nxd5 27. exd5 Kf7 28. d6 Qa5 29. Qxb7+ Ke6 30. Kf1 Qa4 31. b3 Qb5 32. Qg7 1-0

[Event "ITA-ch U20"]
[Site "Porto San Giorgio"]
[Date "2004.08.24"]
[Round "5"]
[White "Mandolini, Riccardo"]
[Black "Massironi, Marco"]
[Result "0-1"]
[WhiteElo "1799"]
[BlackElo "2121"]
[PlyCount "94"]
[EventDate "2004.08.20"]
[EventType "swiss"]
[EventRounds "9"]
[EventCountry "ITA"]
[SourceTitle "EXT 2005"]
[Source "ChessBase"]
[SourceDate "2004.11.15"]
[SourceVersion "1"]
[SourceVersionDate "2004.11.15"]
[SourceQuality "1"]

1. Nc3 d5 2. e4 d4 3. Nce2 c5 4. c3 Nc6 5. d3 e5 6. Nf3 Nf6 7. Ng3 Bd6 8. Be2 Be6 9. 0-0 Qd7 10. Nh4 0-0-0 11. Nhf5 Bf8 12. cxd4 cxd4 13. f4 g6 14. Nh4 exf4 15. Bxf4 Be7 16. Rc1 Rdg8 17. Be5 Ng4 18. Bxg4 Bxg4 19. Qa4 Bxh4 20. Bxh8 Rxh8 21. Qxa7 Kd8 22. Qa8+ Qc8 23. Qxc8+ Kxc8 24. Rxf7 Be6 25. Rf2 Bg5 26. Re1 Be3 27. Rxe3 dxe3 28. Re2 Nd4 29. Rxe3 Bxa2 30. Ne2 Nxe2+ 31. Rxe2 Rd8 32. Rc2+ Kb8 33. Rd2 Bb1 34. Kf2 Rxd3 35. Rxd3 Bxd3 36. Ke3 Bc4 37. Kd4 Bb5 38. h4 Kc7 39. Ke5 Bc6 40. g4 Kd7 41. Kf6 Bxe4 42. g5 Bf3 43. Kg7 Bh5 44. Kf7 Kc6 45. Ke6 Kc5 46. Ke5 Kc4 47. Kd6 Kb3 0-1